=LDR 00000nam 2200000 4500 =001 INLIS000000000040750 =005 20140716155646.0 =006 =007 =008 ind =035 ##$$a 0010-061300000040750 =041 ##$$a ind =082 ##$$a 813 =090 ##$$a 813 , Rob ,s =100 ##$$a ROBB,J,D =245 ##$$a Saksi dalam kematian , J.D Robb =260 ##$$a 2010 $b Jakarta =300 ##$$a 506 hlm. 18 cm =650 ##$$a FIKSI =850 ##$$a NBPNMAT =990 ##$$a 21197137/BPAP-NTB/2014 =990 ##$$a 0001/BPAP-NTB/20142014 =990 ##$$a 0001/BPAP-NTB/20142014